Vehicle refinement : controlling noise and vibration in road vehicles /

High standards of NVH (Noise, Vibration and Harshness) performance are expected by consumers of all modern cars. Refinement is one of the main engineering and design attributes to be addressed in the course of developing new vehicle models and vehicle components. Written for students and engineering...

Full description

Bibliographic Details
Main Author: Harrison, Matthew
Format: eBook
Language:English
Published: Oxford ; Burlington, Mass. : Elsevier Butterworth-Heinemann, 2004.
Subjects:
Online Access:Connect to the full text of this electronic book

MARC

Tag First Indicator Second Indicator Subfields
LEADER 00000cam a2200000Ia 4500
001 in00002426708
005 20190327171609.0
006 m d
007 cr cn|||||||||
008 070806s2004 enka fsb 001 0 eng d
020 |a 9780750661294 
020 |a 0750661291 
035 |a (OCoLC)ocn162591152 
035 |a (OCoLC)162591152 
037 |a 101870:101886  |b Elsevier Science & Technology  |n http://www.sciencedirect.com 
040 |a OPELS  |c OPELS  |d UtOrBLW 
049 |a TEFA 
050 1 4 |a TL246  |b .H37 2004eb 
082 0 4 |a 629.2'31  |2 22 
100 1 |a Harrison, Matthew. 
245 1 0 |a Vehicle refinement :  |b controlling noise and vibration in road vehicles /  |c Matthew Harrison. 
264 1 |a Oxford ;  |a Burlington, Mass. :  |b Elsevier Butterworth-Heinemann,  |c 2004. 
300 |a xi, 345 pages :  |b illustrations ;  |c 24 cm. 
336 |a text  |b txt  |2 rdacontent 
337 |a computer  |b c  |2 rdamedia 
338 |a online resource  |b cr  |2 rdacarrier 
533 |a Electronic reproduction.  |b Amsterdam :  |c Elsevier Science & Technology,  |d 2007.  |n Mode of access: World Wide Web.  |n System requirements: Web browser.  |n Title from title screen (viewed on Aug. 2, 2007).  |n Access may be restricted to users at subscribing institutions. 
520 |a High standards of NVH (Noise, Vibration and Harshness) performance are expected by consumers of all modern cars. Refinement is one of the main engineering and design attributes to be addressed in the course of developing new vehicle models and vehicle components. Written for students and engineering practitioners, this is the first book to address automotive NVH. It will help readers to understand and develop quieter, more comfortable cars. With chapters on the fundamentals of acoustics and detailed coverage of practical engineering solutions for noise control issues it is suitable for students of automotive engineering and engineers who havent been trained in acoustics, and will be an important reference for practicing engineers in the motor industry. The first book devoted to the refinement of noise and vibration in automobiles Combines a detailed explanation of the fundamentals of acoustics and the science behind vehicle noise and vibration with practical tips and know-how for noise and vibration control. Based on real world experience with a variety of automotive companies including Ford, BMW and Nissan. 
505 0 |a Vehicle refinement: purpose and targets; The measurement and behaviour of sound; Exterior noise: assessment and control; Interior noise: assessment and control; The measurement and behaviour of vibration; Sources of vibration and their control. 
504 |a Includes bibliographical references and index. 
500 |a Electronic resource. 
650 0 |a Automobiles  |x Noise. 
650 0 |a Automobiles  |x Vibration. 
655 7 |a Electronic books.  |2 local 
730 0 |a Referex. 
776 1 |c Original  |z 0750661291  |z 9780750661294  |w (OCoLC)56540976 
856 4 0 |u http://proxy.library.tamu.edu/login?url=http://www.sciencedirect.com/science/book/9780750661294  |z Connect to the full text of this electronic book  |t 0 
994 |a C0  |b TEF 
999 |a MARS 
999 f f |s 0417ef0b-e990-3ba9-9818-a20a57d0c680  |i 52b62098-2607-3ccb-84bb-d317b8f9f493  |t 0 
952 f f |a Texas A&M University  |b College Station  |c Electronic Resources  |d Available Online  |t 0  |e TL246 .H37 2004eb  |h Library of Congress classification 
998 f f |a TL246 .H37 2004eb  |t 0  |l Available Online